000 00614nam a2200241 a 4500
001 nice12345678
003 IN_TiNIC
005 20260116013232.0
008 050524s1997 dela grp 000 0 eng
020 _a
_c295
082 0 0 _a200.954
_bBAB
100 _aBabb, Lawrence A
245 _aMedia and the Transformation of Religion in South Asia
260 _aDelhi
_bMotilal Banarsidass
_c1997
300 _a298p
500 _aincludes index and biblioraphy
505 2 _aIndex
650 _aReligion-Asia-south
650 _aMedia and Religion
902 _bSRS
942 _cBK
999 _c10227
_d10227